| 000 | 00586nam a2200229Ia 4500 | ||
|---|---|---|---|
| 003 | OSt | ||
| 005 | 20221006163930.0 | ||
| 006 | a|||||r|||| 00| 0 | ||
| 007 | ta | ||
| 008 | 221006b |||||||| |||| 00| 0 hin d | ||
| 024 | _a5,380 | ||
| 037 | _cTextual | ||
| 040 |
_aFML _cFML _bhin |
||
| 041 |
_2hin _ahin |
||
| 082 | _aNR44,3k, M1 -; 1 | ||
| 100 |
_aVasant Au. _9221669 |
||
| 245 | 0 | _aRaag Kosh | |
| 260 |
_aHathras _bSangeet Karyalaya India _c1981 |
||
| 300 |
_a92 _ccm. |
||
| 942 |
_hNR44,3k, M1 -; 1 _cTEXL _2CC |
||
| 999 |
_c1115752 _d1115752 |
||